A study on the evaluation of grammatical errors (Record no. 33517)
[ view plain ]
| 000 -LEADER | |
|---|---|
| fixed length control field | 00635 a2200241 4500 |
| 041 ## - LANGUAGE CODE | |
| Language code of text/sound track or separate title | Eng |
| 082 ## - DEWEY DECIMAL CLASSIFICATION NUMBER | |
| Classification number | 425 |
| Item number | K146s |
| -- | D |
| 100 ## - MAIN ENTRY--PERSONAL NAME | |
| Personal name | Karki, Dip Bahadur |
| 245 ## - TITLE STATEMENT | |
| Title | A study on the evaluation of grammatical errors |
| 260 ## - PUBLICATION, DISTRIBUTION, ETC. | |
| Place of publication, distribution, etc. | Kathmandu, Nepal |
| 260 ## - PUBLICATION, DISTRIBUTION, ETC. | |
| Date of publication, distribution, etc. | 2002 |
| 300 ## - PHYSICAL DESCRIPTION | |
| Extent | xxii,371p. |
| 500 ## - GENERAL NOTE | |
| General note | Bibliography: p.292-279 |
| 502 ## - DISSERTATION NOTE | |
| Dissertation note | Dissertation |
| Degree type | Degree in English, Tribhuvan University |
| 650 ## - SUBJECT ADDED ENTRY--TOPICAL TERM | |
| Topical term or geographic name entry element | English language |
| 650 ## - SUBJECT ADDED ENTRY--TOPICAL TERM | |
| Topical term or geographic name entry element | English language grammar |
| 650 ## - SUBJECT ADDED ENTRY--TOPICAL TERM | |
| Topical term or geographic name entry element | English education |
| 650 ## - SUBJECT ADDED ENTRY--TOPICAL TERM | |
| Topical term or geographic name entry element | Language development |
| 650 ## - SUBJECT ADDED ENTRY--TOPICAL TERM | |
| Topical term or geographic name entry element | Teaching |
| 942 ## - ADDED ENTRY ELEMENTS (KOHA) | |
| Koha item type | Theses and Dissertations |
| Source of classification or shelving scheme | Dewey Decimal Classification |
| 518 ## - DATE/TIME AND PLACE OF AN EVENT NOTE | |
| -- | 20050503 |
| 530 ## - ADDITIONAL PHYSICAL FORM AVAILABLE NOTE | |
| -- | Dis |
| Withdrawn status | Lost status | Damaged status | Not for loan | Home library | Current library | Date acquired | Total Checkouts | Barcode | Date last seen | Price effective from |
|---|---|---|---|---|---|---|---|---|---|---|
| Tribhuvan University Central Library | Tribhuvan University Central Library | 06/20/2010 | D10321 | 06/20/2010 | 06/20/2010 |
